| 000 | 02959cam a2200325Ii 4500 | ||
|---|---|---|---|
| 001 | MEB028714 | ||
| 003 | OCoLC | ||
| 005 | 20150806151845.0 | ||
| 006 | m o u | ||
| 007 | cr cn|---uuuuu | ||
| 008 | 140109s2013 nyua ob 001 0 eng d | ||
| 020 | _a9780071797979 (hbk.) | ||
| 035 | _a(OCoLC)867781717 | ||
| 040 |
_aFDA _beng _erda _cFDA _dFDA _dBUF _dONE |
||
| 050 | 4 |
_aQM 451 _b.W363 2013 |
|
| 100 | 1 |
_aWaxman, Stephen G., _eauthor. |
|
| 245 | 1 | 0 |
_aClinical neuroanatomy / _cStephen G. Waxman. |
| 250 | _aTwenty-Seventh edition. | ||
| 260 |
_aNew York : _bMcGraw-Hill, _c2013. |
||
| 300 |
_axi, 371 pages : _bcolor illustrations ; _c28 cm. |
||
| 500 | _aIncludes bibliographical references and index. | ||
| 505 | 0 | _aFundamentals of the Nervous System -- Development and Cellular Constituents of the Nervous System -- Signaling in the Nervous System -- The Relationship Between Neuroanatomy and Neurology -- The Spinal Cord -- The Vertebral Column and Other Structures Surrounding the Spinal Cord -- The Brain Stem and Cerebellum -- Cranial Nerves and Pathways -- Diencephalon -- Cerebral Hemispheres/Telencephalon -- Ventricles and Coverings of the Brain -- Vascular Supply of the Brain -- Control of Movement -- Somatosensory Systems -- The Visual System -- The Auditory System -- The Vestibular System -- The Reticular Formation -- The Limbic System -- The Autonomic Nervous System -- Higher Cortical Functions -- Imaging of the Brain -- Electrodiagnostic Tests -- Cerebrospinal Fluid Examination -- Discussion of Cases -- Appendix A. The Neurologic Examination -- Appendix B. Testing Muscle Function -- Appendix C. Spinal Nerves and Plexuses. | |
| 520 | _a"This book, now in its 27th edition, is designed as an accessible, easy-to-remember synopsis of neuroanatomy and its functional and clinical implications. Since many of us learn and remember better when material is presented visually, this book is well illustrated not only with clinical material such as brain scans and pathological specimens but also with hundreds of diagrams and tables that are designed to be clear, explicative, and memorable. This book is not meant to supplant longer, comprehensive handbooks on neuroscience and neuroanatomy. On the contrary, it has been designed to provide a manageable and concise overview for busy medical students and residents, as well as trainees in health-related fields such as physical therapy; graduate students and postdoctoral fellows with an interest in neuroanatomy and its functional underpinnings; and clinicians in practice, for whom minutes are precious."--Preface. | ||
| 650 |
_aNervous System _xanatomy & histology. |
||
| 650 |
_aNervous System Diseases _xdiagnosis. |
||
| 650 | 0 | _aNeuroanatomy. | |
| 740 | 0 | _aAccessMedicine. | |
| 776 | 0 | 8 |
_iPrint version: _aWaxman, Stephen G. _tClinical neuroanatomy. _b27th edition. _dNew York : McGraw-Hill Medical, [2013] _z9780071797979 _w(OCoLC)850336999. |
| 942 |
_2lcc _cBK _kFOR |
||
| 999 |
_c288368 _d288368 |
||